Design your life to build a legacy:a practical guide to build your dream life Vol 2 (Record no. 221837)
[ view plain ]
| 000 -LEADER | |
|---|---|
| fixed length control field | 00626nam a22002057a 4500 |
| 005 - DATE AND TIME OF LATEST TRANSACTION | |
| control field | 20220312102859.0 |
| 008 - FIXED-LENGTH DATA ELEMENTS--GENERAL INFORMATION | |
| fixed length control field | 220312b ||||| |||| 00| 0 eng d |
| 020 ## - INTERNATIONAL STANDARD BOOK NUMBER | |
| International Standard Book Number | 9789948369622 |
| 040 ## - CATALOGING SOURCE | |
| Transcribing agency | AL |
| 041 ## - LANGUAGE CODE | |
| Language code of text/sound track or separate title | English |
| 082 ## - DEWEY DECIMAL CLASSIFICATION NUMBER | |
| Edition number | 23 |
| Classification number | 158.1 |
| Item number | KORD |
| 100 ## - MAIN ENTRY--PERSONAL NAME | |
| Personal name | Susan Koruthu |
| 100 ## - MAIN ENTRY--PERSONAL NAME | |
| 9 (RLIN) | 23465 |
| 245 ## - TITLE STATEMENT | |
| Title | Design your life to build a legacy:a practical guide to build your dream life Vol 2 |
| 260 ## - PUBLICATION, DISTRIBUTION, ETC. | |
| Place of publication, distribution, etc. | UAE |
| Name of publisher, distributor, etc. | Book land publishing |
| Date of publication, distribution, etc. | 2019 |
| 300 ## - PHYSICAL DESCRIPTION | |
| Extent | xii,220 p. |
| Other physical details | PB |
| Dimensions | 22x14 cm. |
| 440 ## - SERIES STATEMENT/ADDED ENTRY--TITLE | |
| Title | Right skills right living series |
| 9 (RLIN) | 23466 |
| 650 ## - SUBJECT ADDED ENTRY--TOPICAL TERM | |
| Topical term or geographic name entry element | Right skills |
| 9 (RLIN) | 23467 |
| 700 ## - ADDED ENTRY--PERSONAL NAME | |
| Personal name | KORUTHU (Susan) |
| 9 (RLIN) | 23468 |
| 942 ## - ADDED ENTRY ELEMENTS (KOHA) | |
| Source of classification or shelving scheme | Dewey Decimal Classification |
| Koha item type | Donated Books |
| Withdrawn status | Lost status | Source of classification or shelving scheme | Damaged status | Not for loan | Collection code | Home library | Current library | Date acquired | Total Checkouts | Full call number | Barcode | Date last seen | Date last checked out | Price effective from | Koha item type |
|---|---|---|---|---|---|---|---|---|---|---|---|---|---|---|---|
| Dewey Decimal Classification | Psychology | St Aloysius Library | St Aloysius Library | 03/08/2022 | 1 | 158.1 KORD | D04795 | 02/27/2025 | 02/19/2025 | 03/12/2022 | Donated Books |